Σοφία και ψευδαισθήσεις της φιλοσοφίας
Αποθηκεύτηκε σε:
| Κύριος συγγραφέας: | |
|---|---|
| Άλλοι συγγραφείς: | |
| Μορφή: | Βιβλίο |
| Γλώσσα: | Greek French |
| Δημοσίευση: |
Αθήνα :
Γνώση,
1987.
|
| Σειρά: | Φιλοσοφική και πολιτική βιβλιοθήκη ;
21 |
| Θέματα: | |
| Ετικέτες: |
Προσθήκη ετικέτας
Δεν υπάρχουν, Καταχωρήστε ετικέτα πρώτοι!
|
MARC
| LEADER | 00000cam a2200000 i 4500 | ||
|---|---|---|---|
| 001 | 1/82396 | ||
| 008 | 960507s1987 gr | ||| |||| ||gre|| | ||
| 035 | |a 1995 |b 1 |c Χατζηνικήτα |l 10033935 | ||
| 040 | |a GR-MyUA |b gre |e AACR2 | ||
| 041 | 1 | |a gre |h fre | |
| 082 | 0 | |a 100 | |
| 100 | 1 | |a Piaget, Jean, |d 1896-1980. | |
| 245 | 1 | 0 | |a Σοφία και ψευδαισθήσεις της φιλοσοφίας / |c Jean Piaget ; μετάφραση Κωστής Παπαγιώργης. |
| 260 | |a Αθήνα : |b Γνώση, |c 1987. | ||
| 300 | |a 277 σ. | ||
| 490 | 1 | |a (Φιλοσοφική και πολιτική βιβλιοθήκη |v ; 21) | |
| 500 | |a Τίτλος πρωτοτύπου: Sagesse et illusions de la philosophie. | ||
| 650 | 0 | 0 | |a Philosophy. |
| 650 | 0 | 0 | |a Science |x Philosophy. |
| 700 | 1 | |a Παπαγιώργης, Κωστής, |d 1947-2014, |e trl | |
| 830 | 0 | |a Φιλοσοφική και πολιτική βιβλιοθήκη ; |v 21 | |
| 852 | |a INST |b CHIOS |e 19960507 |h 100 PIA |p 005200003227 |q 005200003227 |t BK |y 0 | ||
| 852 | |a INST |b RHODES |e 19960902 |h 100 PIA |p 005400007122 |q 005400007122 |t BK |y 0 | ||
| 909 | |a Ρ |b 040096 | ||
| 909 | |a Χ |b 009679 | ||